Hotovostný úver mimo banky je rýchlejší, ale drahší
Na Slovensku sa začali objavovať spoločnosti, ktoré ponúkajú pôžičku hotovosti na akýkoľvek účel, a to bez potreby ručiteľa. Požičiavanie peňazí funguje prostredníctvom siete agentov, ktorí navštevujú klientov priamo doma. Podmienky hotovostných pôžičiek. Príklady hotovostných úverov. Splátkový kale...
Gespeichert in:
| 1. Verfasser: | |
|---|---|
| Format: | Buchkapitel |
| Sprache: | Slowakisch |
| Schlagworte: | |
| Tags: |
Keine Tags, Fügen Sie das erste Tag hinzu!
|
MARC
| LEADER | 00000naa a2200000 4500 | ||
|---|---|---|---|
| 001 | r043604 | ||
| 005 | 20230921112220.5 | ||
| 041 | 0 | |a slo | |
| 044 | |a SK | ||
| 245 | 1 | 0 | |a Hotovostný úver mimo banky je rýchlejší, ale drahší |c Ján Záborský |
| 520 | |a Na Slovensku sa začali objavovať spoločnosti, ktoré ponúkajú pôžičku hotovosti na akýkoľvek účel, a to bez potreby ručiteľa. Požičiavanie peňazí funguje prostredníctvom siete agentov, ktorí navštevujú klientov priamo doma. Podmienky hotovostných pôžičiek. Príklady hotovostných úverov. Splátkový kalendár sa prispôsobuje potrebám klienta. | ||
| 610 | 2 | 0 | |a úver spotrebiteľský |
| 610 | 2 | 0 | |a pôžičky |
| 610 | 2 | 0 | |a spoločnosti |
| 610 | 2 | 0 | |a úver |
| 610 | 2 | 0 | |a splátky |
| 610 | 2 | 0 | |a klienti |
| 610 | 2 | 0 | |a hotovosť |
| 610 | 2 | 0 | |a Slovensko |
| 100 | 1 | |a Záborský, Ján | |